000 00553nam a2200181 i 4500
001 96140
003 ES-MaACL
005 20240125063137.0
007 t|
008 050610s1920 sp ||||1| spa d
100 1 _aMadrazo, Pedro de,
_d1816-1898
_975340
245 1 0 _aCatálogo de los cuadros del Museo del Prado /
_cpor D. Pedro de Madrazo.
250 _a11ª ed. corr. y aum.
260 _aMadrid :
_b[s.n.],
_c1920 (
_fTip. Artística)
300 _aXIII, 540 p. ;
_c19 cm.
852 _aES-MaACL
_jF11891
999 _c96140
_d96140